[Event "Mechanics' Peter Grey TNM; G/2 d5"]
[Site "San Francisco"]
[Date "2017.08.22"]
[Round "3.44"]
[White "Baterdene, Jonathan"]
[Black "Hilliard, Michael"]
[Result "0-1"]
[WhiteElo "1152"]
[BlackElo "1400"]
[PlyCount "62"]
[EventDate "2017.??.??"]

1. d4 d5 2. c4 c6 3. Nf3 Nf6 4. Nc3 e6 5. Bg5 Nbd7 6. e4 dxe4 7. Nxe4 Be7 8.
Nxf6+ Bxf6 9. Bxf6 Nxf6 10. Bd3 O-O 11. Bc2 b6 12. O-O Bb7 13. b4 Qe7 14. Qd3
Rad8 15. Rad1 c5 16. bxc5 bxc5 17. Qe3 Bxf3 18. Qxf3 Rxd4 19. Rxd4 cxd4 20. Rd1
Qc5 21. Qd3 Rd8 22. Qb3 g6 23. Bd3 e5 24. Qb7 Rd7 25. Qb8+ Kg7 26. Rb1 e4 27.
Rb5 Qa3 28. Bf1 d3 29. Qf4 d2 30. Rb1 d1=Q 31. Rxd1 Rxd1 0-1

[Event "Mechanics' Spring TNM; G/2"]
[Site "San Francisco"]
[Date "2017.03.21"]
[Round "2.28"]
[White "Baterdene, Jonathan"]
[Black "Kuczek, Kevin W"]
[Result "0-1"]
[WhiteElo "1012"]
[BlackElo "1799"]
[Annotator "Donaldson"]
[PlyCount "62"]
[EventDate "2017.??.??"]

1. e4 e5 2. Nf3 Nc6 3. Bc4 Bc5 4. Nc3 Nf6 5. O-O O-O 6. d3 h6 7. Be3 Bb6 8. Qe2
d6 9. Nd2 Bg4 10. f3 Nd4 11. Qd1 {Diagram [#]} (11. Qf2) 11... Nxf3+ $1 12.
Rxf3 (12. Nxf3) 12... Bxe3+ 13. Kh1 Bf4 14. Ne2 Bxf3 15. Nxf3 Ng4 16. Qe1 Qf6
17. h3 Ne3 18. Bb3 h5 19. Qf2 c6 20. Qh4 Qxh4 21. Nxh4 d5 22. Re1 Rad8 23. exd5
cxd5 24. d4 Rfe8 25. dxe5 Bxe5 26. c3 Bf6 27. Nf3 Nc4 28. Bxc4 dxc4 29. Nfg1
Rd2 30. Rb1 Rexe2 31. Nxe2 Rxe2 0-1

[Event "Mechanics' Peter Grey TNM; G/2 d5"]
[Site "San Francisco"]
[Date "2017.10.03"]
[Round "9.30"]
[White "Baterdene, Jonathan"]
[Black "Marquez, Martin"]
[Result "1-0"]
[WhiteElo "1152"]
[BlackElo "1475"]
[PlyCount "97"]
[EventDate "2017.??.??"]

1. d4 e5 2. e4 exd4 3. Nf3 Bb4+ 4. Bd2 Bxd2+ 5. Qxd2 c5 6. c3 dxc3 7. Nxc3 Nc6
8. Bc4 Nf6 9. O-O O-O 10. Rad1 Re8 11. Rfe1 Ng4 12. Qd5 Qf6 13. Qf5 Qxf5 14.
exf5 Rxe1+ 15. Rxe1 Kf8 16. Nb5 d5 17. Nc7 Bxf5 18. Nxa8 dxc4 19. Nc7 Nf6 20.
Ne5 Na5 21. g4 Be6 22. Nxe6+ fxe6 23. g5 Nh5 24. Nd7+ Ke7 25. Nxc5 Nf4 26. h4
b6 27. Re4 Nh3+ 28. Kg2 Nxg5 29. hxg5 bxc5 30. Rh4 h6 31. gxh6 gxh6 32. Rxh6
Kd6 33. Kf3 Kd5 34. Ke3 Nc6 35. Rh5+ Kd6 36. Rh4 Nd4 37. Rxd4+ cxd4+ 38. Kxd4
a6 39. Kxc4 Ke5 40. Kd3 Kd5 41. b4 e5 42. a4 e4+ 43. Ke3 Kc4 44. Kxe4 Kxb4 45.
f4 Kxa4 46. f5 a5 47. f6 Kb3 48. f7 a4 49. f8=Q 1-0

[Event "Mechanics' Summer TNM; G/2 d5"]
[Site "San Francisco"]
[Date "2017.06.13"]
[Round "4.44"]
[White "Baterdene, Jonathan"]
[Black "Morgan, Jerry D"]
[Result "0-1"]
[WhiteElo "1079"]
[BlackElo "1577"]
[PlyCount "92"]
[EventDate "2017.??.??"]

1. d4 d5 2. c4 c6 3. Nc3 dxc4 4. e4 b5 5. a3 Nf6 6. Nf3 e6 7. Bg5 Be7 8. g3 O-O
9. Bg2 Bb7 10. O-O Nbd7 11. e5 Nd5 12. Bxe7 Qxe7 13. Nxd5 cxd5 14. b3 Nb6 15.
Qd2 cxb3 16. Qa5 Qd7 17. Qb4 b2 18. Qxb2 Nc4 19. Qc2 Rfc8 20. Ng5 g6 21. Qe2
Qe7 22. Nh3 Nxa3 23. Qb2 b4 24. Rfb1 Nxb1 25. Rxb1 a5 26. Qe2 Ba6 27. Qe3 Rc3
28. Qf4 Bd3 29. Rc1 Rac8 30. Rxc3 Rxc3 31. Qh6 Qf8 32. Qf4 a4 33. Ng5 a3 34.
Qd2 Bc2 35. Qf4 a2 36. Qh4 a1=Q+ 37. Bf1 h6 38. Nf3 Rxf3 39. Kg2 Be4 40. Kg1
Bd3 41. Qh3 b3 42. Qg2 Be4 43. Qh3 Qxd4 44. Qg2 Rf5 45. Qxe4 Qxf2+ 46. Kh1
Qxf1# 0-1

[Event "Mechanics' Peter Grey TNM; G/2 d5"]
[Site "San Francisco"]
[Date "2017.08.29"]
[Round "4.47"]
[White "Baterdene, Jonathan"]
[Black "Robertson, Terrance"]
[Result "1-0"]
[WhiteElo "1152"]
[BlackElo "1433"]
[PlyCount "53"]
[EventDate "2017.??.??"]

1. d4 d5 2. c4 e6 3. Nc3 Nf6 4. Bg5 Be7 5. Nf3 O-O 6. Bxf6 Bxf6 7. e4 c6 8. e5
Be7 9. Bd3 dxc4 10. Bxc4 Qb6 11. O-O Qxb2 12. Na4 Qb4 13. Bd3 b5 14. Nc5 Bxc5
15. dxc5 Qxc5 16. Re1 Qe7 17. Qc2 a6 18. Bxh7+ Kh8 19. Bd3 Bb7 20. Re4 g6 21.
Qd2 Kg7 22. Rh4 Rh8 23. Rxh8 Kxh8 24. Qh6+ Kg8 25. Ng5 Qc7 26. Qh7+ Kf8 27.
Nxe6+ 1-0

[Event "Mechanics' Summer TNM; G/2 d5"]
[Site "San Francisco"]
[Date "2017.06.06"]
[Round "3.40"]
[White "Baterdene, Jonathan"]
[Black "Starr, Albert"]
[Result "0-1"]
[WhiteElo "1079"]
[BlackElo "1500"]
[PlyCount "80"]
[EventDate "2017.??.??"]

1. d4 f5 2. c4 g6 3. Nc3 Nf6 4. Bg5 Bg7 5. Bxf6 Bxf6 6. e4 d6 7. Nf3 O-O 8. e5
dxe5 9. dxe5 Qxd1+ 10. Rxd1 Bg7 11. Nb5 Na6 12. Nbd4 c5 13. Nc2 e6 14. b4 Nxb4
15. Nxb4 cxb4 16. c5 a5 17. Bc4 Re8 18. O-O Bf8 19. Bb5 Re7 20. Rd8 Kf7 21.
Ng5+ Kg7 22. Rfd1 h6 23. Nf3 Rc7 24. R8d7+ Bxd7 25. Bxd7 Rd8 26. Ba4 Rxd1+ 27.
Bxd1 Rxc5 28. Be2 Rc1+ 29. Bf1 Ra1 30. Nd4 Kf7 31. Nb3 Rxa2 32. Nxa5 Rxa5 33.
g3 Rxe5 34. Kg2 b3 35. Bd3 b2 36. f4 Re1 37. Kh3 b1=Q 38. Bxb1 Rxb1 39. Kh4 Rh1
40. h3 Be7# 0-1

[Event "Mechanics' Spring TNM; G/2"]
[Site "San Francisco"]
[Date "2017.05.02"]
[Round "8.35"]
[White "Bayaraa, Bilguun"]
[Black "Abraham, Michael D"]
[Result "0-1"]
[WhiteElo "1180"]
[BlackElo "1527"]
[Annotator "Donaldson"]
[PlyCount "72"]
[EventDate "2017.??.??"]

1. d4 (1. e4) 1... Nf6 2. c4 e6 3. Nc3 d5 4. e3 Bb4 (4... Be7) 5. Bd2 O-O 6. c5
$2 (6. Nf3) (6. Bd3) (6. cxd5 $2 exd5) 6... Nc6 7. a3 (7. f4 Bxc3 (7... b6 8.
cxb6 axb6) 8. Bxc3 Ne4) (7. Nf3) 7... Bxc3 8. Bxc3 Ne4 (8... e5 9. dxe5 (9. Nf3
) 9... Ne4) 9. Bb5 Qh4 10. Qe2 Nxc3 11. bxc3 Qg5 12. Qf3 (12. Nf3 Qxg2 13.
O-O-O) 12... a6 13. Bxc6 bxc6 14. Nh3 Qg6 15. Nf4 Qc2 16. Ne2 (16. O-O Qxc3 17.
Qe2) 16... a5 17. O-O Ba6 18. Rae1 $2 (18. Rfe1 Bxe2 (18... Rfb8 19. Rac1 Bxe2
20. Qxe2 Qxe2 21. Rxe2 a4 22. c4 Rb3 23. Ra2 f6) 19. Qxe2 Qxc3 20. Rec1 Qb3 21.
Rcb1 Qa4 22. Rb7) 18... Rab8 19. h3 Rb2 20. Rc1 Qxe2 21. Qxe2 Bxe2 22. Rfe1 Bc4
23. Rb1 Rfb8 24. Rbd1 Ra2 25. Ra1 Rbb2 26. Rab1 Rxb1 27. Rxb1 Bb5 28. e4 Rxa3
29. exd5 exd5 30. Re1 Kf8 31. Kh2 Rxc3 32. f3 a4 33. Kg3 a3 34. Kf4 a2 35. g4
Rb3 36. Ra1 Rb2 0-1

[Event "Mechanics' Spring TNM; G/2"]
[Site "San Francisco"]
[Date "2017.03.14"]
[Round "1.28"]
[White "Bayaraa, Bilguun"]
[Black "Andries, W Craig"]
[Result "0-1"]
[WhiteElo "1180"]
[BlackElo "1860"]
[Annotator "Donaldson"]
[PlyCount "44"]
[EventDate "2017.??.??"]

1. d4 Nf6 2. c4 g6 3. Nc3 Bg7 4. e4 d6 5. Be3 O-O 6. f3 Nc6 7. Bd3 e5 8. d5 Nd4
9. Nge2 Nxe2 $6 (9... Nh5) (9... Nd7) 10. Qxe2 Ne8 11. Qf2 (11. O-O f5 12. c5)
11... Bd7 12. O-O-O f5 13. Qc2 f4 14. Bf2 Qe7 15. g3 $2 (15. Kb1) 15... fxg3
16. Bxg3 Rxf3 17. Rhf1 Rxf1 18. Rxf1 a6 19. Qe2 Bh3 20. Re1 Nf6 21. Bh4 Bh6+
22. Kb1 Rf8 {and Black later won. Remaining moves unavailable.} 0-1

[Event "Mechanics' Winter TNM; G/2"]
[Site "San Francisco"]
[Date "2017.01.24"]
[Round "4.34"]
[White "Bayaraa, Bilguun"]
[Black "Casares Jr., Nick"]
[Result "0-1"]
[WhiteElo "1208"]
[BlackElo "1600"]
[Annotator "Donaldson"]
[PlyCount "32"]
[EventDate "2017.??.??"]

1. d4 d5 2. e3 Bf5 3. Bd3 (3. c4 e6 4. Qb3) 3... e6 (3... Bg6 4. Bxg6 hxg6) (
3... Bxd3 4. cxd3 (4. Qxd3)) 4. Bxf5 exf5 5. Qd3 Qd7 6. Nf3 Bd6 7. c4 (7. c3)
7... dxc4 8. Qxc4 Nf6 9. Nc3 O-O 10. O-O c6 11. Qb3 (11. Bd2) (11. b4 Qe7 12.
b5) 11... Na6 12. d5 $2 (12. Bd2) 12... Nc5 13. Qc4 cxd5 14. Nxd5 Nxd5 15. Qxd5
Bxh2+ 16. Nxh2 Qxd5 0-1

[Event "Mechanics' Spring TNM; G/2"]
[Site "San Francisco"]
[Date "2017.04.18"]
[Round "6.42"]
[White "Bayaraa, Bilguun"]
[Black "Liang, Ting"]
[Result "1-0"]
[WhiteElo "1180"]
[BlackElo "1484"]
[Annotator "Donaldson"]
[PlyCount "107"]
[EventDate "2017.??.??"]

1. d4 Nf6 2. c4 g6 3. Nc3 Bg7 4. Nf3 d6 5. Bf4 O-O 6. e3 Bf5 7. Bd3 c5 8. d5 (
8. Bxf5 gxf5 9. O-O) 8... Nbd7 9. O-O Ne5 10. e4 (10. Nxe5 dxe5 11. Bxe5) 10...
Bg4 11. Bxe5 dxe5 12. Be2 Nh5 13. h3 (13. Ne1) 13... Bd7 14. Nh4 (14. Ne1 Nf4
15. Nd3 b6 16. Qd2 Nxd3 17. Bxd3) 14... Nf4 15. Bg4 f5 16. Be2 fxe4 (16... e6)
17. Nxe4 b6 (17... e6) 18. Bg4 e6 (18... Bf5) 19. dxe6 Nxe6 20. Qd6 Rf4 $4 (
20... Qe8) 21. Bxe6+ Bxe6 22. Qxe6+ Kh8 23. Nd6 Qxh4 24. Nf7+ Rxf7 25. Qxf7 e4
26. Qd5 (26. Rad1 Bd4) 26... Rd8 27. Qf7 Bxb2 28. Rad1 Bd4 29. g3 $4 Qxg3+ 30.
Kh1 Qxh3+ 31. Kg1 e3 $4 {Diagram [#]} (31... Qg4+ 32. Kh1 e3) 32. Rxd4 $3 cxd4
33. Qf6+ Kg8 34. Qxd8+ Kg7 35. Qxd4+ Kg8 36. Qxe3 Qg4+ 37. Qg3 Qxc4 38. Qb8+
Kg7 39. Qxa7+ Kh6 40. Qa3 Kg7 41. Qe7+ Kg8 42. Re1 Qg4+ 43. Kf1 Qh3+ 44. Ke2
Qg4+ 45. f3 Qc4+ 46. Kf2 Qd4+ 47. Kg3 b5 48. Qe8+ Kg7 49. Re7+ Kh6 50. Qf8+ Kg5
51. Re5+ $1 Qxe5+ 52. f4+ Kh5 53. fxe5 h6 54. Qf3+ 1-0

[Event "Mechanics' Spring TNM; G/2"]
[Site "San Francisco"]
[Date "2017.04.04"]
[Round "4.42"]
[White "Bayaraa, Bilguun"]
[Black "McEnroe, Glenn"]
[Result "0-1"]
[WhiteElo "1180"]
[BlackElo "1528"]
[Annotator "Donaldson"]
[PlyCount "94"]
[EventDate "2017.??.??"]

1. d4 Nf6 2. c4 g6 3. Nc3 d5 4. e3 Bg7 5. Nf3 O-O 6. a3 (6. Bd3) 6... a6 7. Bd3
dxc4 8. Bxc4 b5 9. Bd3 (9. Ba2) 9... Bb7 10. O-O Nbd7 11. Be2 (11. Qe2) (11. e4
) 11... Rc8 12. d5 Nb6 13. e4 c6 14. dxc6 Bxc6 15. Qxd8 Rfxd8 16. Be3 Nc4 17.
Bd4 Bxe4 18. Nxe4 Nxe4 19. Bxg7 Kxg7 20. Ra2 Ncd2 21. Re1 Rc7 22. b4 Nxf3+ 23.
Bxf3 Nd2 24. Be2 Nc4 25. Rc2 e6 26. Rd1 Rcd7 27. Rcc1 Rxd1+ 28. Bxd1 Nxa3 29.
h3 Nc4 30. Bf3 Rd7 31. Ra1 Ra7 32. Be2 Nd6 33. Kf1 Kf6 34. Ke1 Ke5 35. Kd2 Kd4
36. Kc2 Rc7+ 37. Kb2 Nc4+ 38. Bxc4 Rxc4 39. Kb3 Rc6 40. Re1 e5 41. f3 f6 42.
Re4+ Kd5 43. Rh4 h5 44. g4 Rc4 45. f4 Rxf4 46. Kc3 f5 47. Kd3 fxg4 0-1

[Event "Mechanics' Summer TNM; G/2 d5"]
[Site "San Francisco"]
[Date "2017.05.23"]
[Round "1.35"]
[White "Bayaraa, Bilguun"]
[Black "Newey, Richard"]
[Result "0-1"]
[WhiteElo "1107"]
[BlackElo "1745"]
[Annotator "Donaldson"]
[PlyCount "40"]
[EventDate "2017.??.??"]

1. d4 Nf6 2. c4 e6 3. Nc3 Bb4 4. Bd2 O-O 5. e3 d5 6. cxd5 exd5 7. a3 Bd6 8. Nf3
c6 9. Bd3 Bg4 10. Be2 Re8 11. Qc2 Nbd7 12. Ng5 Bxe2 13. Nxe2 h6 14. Nf3 a5 15.
O-O Ne4 16. Nc3 Ndf6 17. Qb3 Qc7 18. g3 Re6 19. Nxe4 Nxe4 20. Qd3 Rg6 {
White resigned rematurely here. After 21.Be1, reinforcing g3, Black is better
but has no immediate win.} 0-1

[Event "Mechanics' Winter TNM; G/2"]
[Site "San Francisco"]
[Date "2017.02.07"]
[Round "6.5"]
[White "Bayaraa, Chinguun"]
[Black "Argo, Guy"]
[Result "1-0"]
[WhiteElo "2139"]
[BlackElo "1974"]
[PlyCount "70"]
[EventDate "2017.??.??"]

1. d4 f5 2. c4 e6 3. g3 Nf6 4. Bg2 Be7 5. Nf3 O-O 6. O-O d6 7. b3 Ne4 8. Bb2
Bf6 9. Nbd2 c5 10. Nxe4 fxe4 11. Ne1 d5 12. e3 Nc6 13. cxd5 exd5 14. Nc2 b6 15.
f3 Ba6 16. Rf2 Bd3 17. fxe4 Bxe4 18. Ne1 cxd4 19. exd4 Re8 20. Nf3 b5 21. Qd2
Qb6 22. Rd1 Rac8 23. Ng5 Bxg2 24. Kxg2 Qd8 25. Nf3 Re4 26. Qd3 Qb6 27. Nd2 Re6
28. Nf1 Rce8 29. Qf5 Ne7 30. Qh5 g6 31. Qf3 Nf5 32. Qxd5 Rd8 33. Qf3 Bxd4 34.
Bxd4 Rxd4 35. Rxd4 Qxd4 {and Black's flag fell.} 1-0

[Event "Mechanics' Winter TNM; G/2"]
[Site "San Francisco"]
[Date "2017.01.24"]
[Round "4.12"]
[White "Bayaraa, Chinguun"]
[Black "Campers Jr, Willie"]
[Result "1-0"]
[WhiteElo "2139"]
[BlackElo "1736"]
[PlyCount "83"]
[EventDate "2017.??.??"]

1. d4 d5 2. c4 e6 3. Nc3 c6 4. e3 Nf6 5. Nf3 Bd6 6. Bd3 Nbd7 7. O-O O-O 8. e4
dxe4 9. Nxe4 Nxe4 10. Bxe4 f5 11. Bc2 Nf6 12. Re1 Qc7 13. h3 Qf7 14. Ng5 Qe8
15. Bxf5 h6 16. Bxe6+ Bxe6 17. Nxe6 Rf7 18. Nc7 Qb8 19. Nxa8 Qxa8 20. Be3 Qd8
21. Qc2 Bb8 22. Qg6 Qd6 23. g3 Qd7 24. Kg2 Bc7 25. Rad1 Ba5 26. Re2 Bb4 27.
Bxh6 Bf8 28. Bf4 c5 29. d5 Qa4 30. b3 Qd7 31. Re6 b5 32. Bg5 Nh7 33. Bf4 bxc4
34. bxc4 Nf6 35. Be5 Nh7 36. Rb1 Qa4 37. Qg4 Qxa2 38. Rb2 Qa3 39. Rg6 Nf6 40.
Bxf6 Rxf6 41. Rxf6 Qxb2 42. Qe6+ 1-0

[Event "Mechanics' Summer TNM; G/2 d5"]
[Site "San Francisco"]
[Date "2017.06.06"]
[Round "3.17"]
[White "Bayaraa, Chinguun"]
[Black "Casares Jr, Nick"]
[Result "1-0"]
[WhiteElo "2161"]
[BlackElo "1611"]
[Annotator "Donaldson"]
[PlyCount "65"]
[EventDate "2017.??.??"]

1. d4 d5 2. c4 c6 3. Nf3 Nf6 4. Nc3 Bf5 $2 5. Bf4 $6 (5. cxd5 cxd5 6. Qb3 $1)
5... e6 6. e3 Nbd7 7. h3 h6 8. Be2 Be7 9. O-O O-O 10. a3 a5 11. c5 b5 12. g4
Be4 13. Ne5 Nxe5 14. dxe5 Nh7 15. Nxe4 dxe4 16. Qc2 f5 17. exf6 Nxf6 18. Rac1
g5 19. Be5 Qd5 20. Bg3 e5 21. a4 Kh8 22. axb5 cxb5 23. Rfd1 Qe6 24. Bxb5 Nxg4
25. hxg4 Qxg4 26. Bd7 Rf5 27. Bxf5 Qxf5 28. Rd5 Qg4 29. Rxe5 Bf6 30. Qxe4 Qc8
31. Qg6 Bg7 32. Re7 Qg8 33. Be5 1-0

[Event "Mechanics' Spring TNM; G/2"]
[Site "San Francisco"]
[Date "2017.03.28"]
[Round "3.6"]
[White "Bayaraa, Chinguun"]
[Black "Clemens, Kristian"]
[Result "1-0"]
[WhiteElo "2134"]
[BlackElo "1875"]
[Annotator "Winslow"]
[PlyCount "93"]
[EventDate "2017.??.??"]

1. d4 d5 2. c4 e6 3. Nc3 Nf6 4. Bg5 Be7 5. e3 Nbd7 6. Nf3 O-O 7. Rc1 c6 8. Bd3
dxc4 9. Bxc4 Nd5 10. Bxe7 Qxe7 11. e4 $6 (11. O-O Nxc3 12. Rxc3 e5 {
is Ye Olde Maine Lyne. 0-1 (91) Pillsbury,H-Showalter,J New York 1897}) (11.
Ne4 N5f6 12. Ng3 {didn't appear until WAY later -- 1925 or so.}) 11... Nxc3 (
11... Nf4 $5) 12. bxc3 e5 13. d5 cxd5 (13... Nb6 $1 $17 {
of course -- free move! -- and it's White who struggles to stay afloat.}) 14.
Bxd5 Nf6 15. O-O Rd8 16. Qb3 Nxd5 (16... Bg4) 17. exd5 f6 18. Nd2 Bf5 19. c4 b6
20. Rfe1 Rac8 21. Nf1 Qc5 22. Ng3 Bg6 23. h4 h5 24. Ne2 Qa5 25. Rc3 $2 {
Diagram #} Bd3 $1 {For sheer stun value -- but it's a good move, too.} 26. Kf1
Bxe2+ 27. Kxe2 Rxd5 $17 {This should be a pawn for nothing.} 28. Rg3 Rd2+ 29.
Kf1 Qxa2 $19 {Make that two pawns} 30. Qf3 Qxc4+ {three!} 31. Kg1 {Diagram #}
Qf4 $4 {Overlooking a big threat!} (31... Qf7 $1 {
is the best of the lot. Everything is covered (f6, b7, h5).}) (31... Rc6) (
31... Qe6) (31... Rf8) (31... Rd6) 32. Qb7 $1 $16 Qxf2+ 33. Kh2 Qxg3+ 34. Kxg3
Rc3+ 35. Kh2 Rcc2 (35... Rc4 $5 {is a better hope to find some blockade, after}
36. Re4 Rxe4 37. Qa8+ Kf7 38. Qxe4 Rd4 39. Qb7+ Kg6 40. Kh3 {
White has a lot of work to do -- he's not even technically up material!}) 36.
Rg1 Rd4 37. Kh3 Rd3+ 38. g3 Rdd2 39. Rh1 (39. g4 {is a better winning shot})
39... Ra2 $2 (39... Kh7 {oddly Black saves the wrong rook pawn.}) 40. Qf3 Rdb2
41. Qxh5 a5 42. Qe8+ Kh7 43. h5 Rf2 44. Qg6+ Kg8 45. h6 Kf8 46. Qxg7+ Ke8 47.
h7 1-0

[Event "Mechanics' Spring TNM; G/2"]
[Site "San Francisco"]
[Date "2017.04.11"]
[Round "5.8"]
[White "Bayaraa, Chinguun"]
[Black "Jensen, Christian"]
[Result "1-0"]
[WhiteElo "2134"]
[BlackElo "1853"]
[PlyCount "36"]
[EventDate "2017.??.??"]

1. d4 Nf6 2. c4 g6 3. Nc3 Bg7 4. e4 d6 5. f3 O-O 6. Be3 e5 7. d5 c6 8. Bd3 cxd5
9. cxd5 Nh5 10. Nge2 f5 11. O-O Na6 12. a3 Nc5 13. Bc2 a6 14. b4 Nd7 15. a4 b6
16. Bd3 Nf4 17. Qd2 Nxd3 18. Qxd3 Nf6 {
White won a long game. Remaining moves unavailable.} 1-0

[Event "Mechanics' Winter TNM; G/2"]
[Site "San Francisco"]
[Date "2017.01.10"]
[Round "2.8"]
[White "Bayaraa, Chinguun"]
[Black "Kuczek, Kevin W"]
[Result "1-0"]
[WhiteElo "2139"]
[BlackElo "1799"]
[PlyCount "83"]
[EventDate "2017.??.??"]

1. d4 Nf6 2. c4 e6 3. Nf3 Bb4+ 4. Bd2 Bxd2+ 5. Qxd2 O-O 6. Nc3 d5 7. e3 b6 8.
cxd5 exd5 9. Bd3 Ba6 10. O-O Bxd3 11. Qxd3 Nbd7 12. Ng5 c6 13. Rac1 h6 14. Nh3
Rc8 15. Nf4 Re8 16. Rfd1 Ne4 17. f3 Nd6 18. e4 Qg5 19. Nh3 Qg6 20. e5 Qxd3 21.
Rxd3 Nf5 22. g4 Ne7 23. f4 c5 24. Re1 cxd4 25. Rxd4 Rc4 26. Red1 Nc5 27. Nxd5
Rc2 28. R1d2 Rxd2 29. Nxe7+ Rxe7 30. Rxd2 Kf8 31. Kg2 Rc7 32. Nf2 Ne6 33. Kf3
Ke7 34. Ne4 Rc4 35. Ke3 g5 36. f5 Nf4 37. h4 Rc1 38. hxg5 hxg5 39. Nxg5 Rc4 40.
Ne4 Nh3 41. e6 fxe6 42. f6+ 1-0

[Event "Mechanics' Summer TNM; G/2 d5"]
[Site "San Francisco"]
[Date "2017.05.23"]
[Round "1.11"]
[White "Bayaraa, Chinguun"]
[Black "McEnroe, Glenn"]
[Result "1-0"]
[WhiteElo "2161"]
[BlackElo "1511"]
[PlyCount "79"]
[EventDate "2017.??.??"]

1. d4 Nf6 2. c4 g6 3. Nc3 d5 4. Bf4 c6 5. e3 Bg7 6. Nf3 O-O 7. Be2 Nbd7 8. O-O
Nb6 9. cxd5 Nbxd5 10. Bg3 Re8 11. h3 Qa5 12. Nxd5 cxd5 13. a3 Bd7 14. b4 Qd8
15. Qb3 e6 16. Ne5 a6 17. Bd3 Ne4 18. Bxe4 dxe4 19. Rac1 Rc8 20. Nc4 Bb5 21.
Nd6 Rxc1 22. Rxc1 Bc6 23. Nxe8 Qxe8 24. Qc2 Qd7 25. Qc5 Bf8 26. Qe5 Bg7 27. Qd6
Qxd6 28. Bxd6 f5 29. Kf1 Kf7 30. Ke1 Ke8 31. Kd2 Kd7 32. Be5 Bf8 33. Kc3 b5 34.
g4 Bd5 35. Kd2 Bc4 36. gxf5 gxf5 37. Rg1 Bh6 38. h4 Bf8 39. Rg8 Bh6 40. Bg7 1-0

[Event "Mechanics' Spring TNM; G/2"]
[Site "San Francisco"]
[Date "2017.03.14"]
[Round "1.9"]
[White "Bayaraa, Chinguun"]
[Black "Morgan, Jerry D"]
[Result "1-0"]
[WhiteElo "2134"]
[BlackElo "1561"]
[PlyCount "43"]
[EventDate "2017.??.??"]

1. d4 d5 2. c4 c6 3. Nf3 Nf6 4. Nc3 dxc4 5. a4 Bf5 6. e3 e6 7. Bxc4 Bb4 8. O-O
O-O 9. Qe2 Bg6 10. e4 Bxc3 11. bxc3 Nxe4 12. Bb2 Nd6 13. Ba2 Nd7 14. Ba3 Nf6
15. Qe5 Nfe4 16. Rac1 Qd7 17. Rfe1 Rfd8 18. Qf4 Nf6 19. Ne5 Qc7 20. f3 Nf5 $4
21. Nxg6 Qxf4 22. Nxf4 {and White soon won.} 1-0

[Event "Mechanics' Winter TNM; G/2"]
[Site "San Francisco"]
[Date "2017.02.14"]
[Round "7.2"]
[White "Bayaraa, Chinguun"]
[Black "Viswanath-Natraj, Ganesh"]
[Result "1-0"]
[WhiteElo "2139"]
[BlackElo "2137"]
[PlyCount "73"]
[EventDate "2017.??.??"]

1. d4 Nf6 2. c4 e6 3. Nf3 b6 4. a3 Ba6 5. Qc2 Bb7 6. Nc3 c5 7. dxc5 Bxc5 8. Bf4
O-O 9. e3 d5 10. cxd5 Nxd5 11. Nxd5 Bxd5 12. b4 Bd6 13. Bg3 f5 14. Be2 Nc6 15.
O-O Bxg3 16. hxg3 Qf6 17. Rfd1 Ne5 18. Nxe5 Qxe5 19. Rac1 Rf7 20. Bf3 Bxf3 21.
gxf3 Raf8 22. Qc6 g5 23. Rd6 Re7 24. f4 gxf4 25. exf4 Qf6 26. Re1 Kf7 27. Qf3
Rc8 28. Kg2 Rc3 29. Qa8 h5 30. Rd8 Qg7 31. Rh1 Rec7 32. Rhd1 Re7 33. Rh1 Rec7
34. Rxh5 Rxg3+ {Diagram [#]} 35. Kh2 $1 (35. fxg3 $4 Rc2+ 36. Kf3 (36. Kg1
Qxg3+) 36... Qc3+) 35... Rg6 36. Rdh8 Kf6 37. Rf8+ 1-0